Statistiken für Chemie: Elemente erraten #2

Klicken Sie hier um das Quiz zu spielen!

Allgemein

  • Dieses Quiz wurde 66 mal gespielt
  • Das Durchschnittsergebnis liegt bei 7 aus 10

Antwortstatistiken

Element% Korrekt
Brom
98%
Neon
95%
Selen
82%
Lithium
73%
Silicium
67%
Wasserstoff
67%
Kalium
65%
Astat
62%
Beryllium
62%
Radon
62%

Verteilung der Resultate

Perzentil nach korrekt beantworteten Fragen

Anzahl Personen mit jedem Resultat

Ihre Resultats-Entwicklung

Sie haben dieses Quiz noch nicht gespielt